000 00742nam a2200205Ia 4500
001 10219
003 GE_BSU
008 181216s||||||||xx |||||||||||||| ||und||
040 _cGE_BSU
080 _a821.353.1.09–7
100 _aსიხარულიძე,ედუარდ
245 _aქართული საბჭოთა ფელეტონი(1921–1930წ.წ.)
245 _cრედ:უ.ბახტაძე;მხატვ:ჯ.ლოლუა.
260 _aთბილისი
260 _bსაბჭ.საქართველო
260 _c1969
300 _a263გვ;17სმ.
653 _aქართული საბჭოთა ფელეტონი(1921–1930წ.წ.)
942 _cBK
999 _c43488
_d43488